| 000 | 01608cam a2200373 a 4500 | ||
|---|---|---|---|
| 001 | EDZ0000019021 | ||
| 003 | StDuBDS | ||
| 005 | 20161031105123.0 | ||
| 006 | m||||||||d|||||||| | ||
| 007 | cr ||||||||||| | ||
| 008 | 110107s2005 cauac fo 001|0|eng d | ||
| 020 |
_a9781412952514 (ebook) : _cNo price |
||
| 040 |
_aStDuBDS _beng _cStDuBDS _epn |
||
| 049 | _aAlfaisal Main Library | ||
| 050 | 4 | _aHV9471 | |
| 082 | 0 | 4 |
_a365.97303 _222 |
| 245 | 0 | 0 |
_aEncyclopedia of prisons & correctional facilities _h[electronic resource] / _cMary Bosworth, editor. |
| 246 | 3 | 0 | _aEncyclopedia of prisons and correctional facilities |
| 260 |
_aThousand Oaks, [Calif.] ; _aLondon : _bSAGE, _cc2005. |
||
| 300 |
_a1 online resource (2 v. (xli, 1334 p.)) : _bill., ports. |
||
| 500 | _a"A Sage reference publication". | ||
| 520 | 8 | _aProviding a critical overview of the penal system in the United States, this text demonstrates the complex issues that surround the implementation and intended results of incarceration, as well as looking at the field in an international context. | |
| 521 | _aSpecialized. | ||
| 588 | _aDescription based on print version record. | ||
| 504 | _aIncludes bibliographical references and index. | ||
| 650 | 0 |
_aPrisons _zUnited States _vEncyclopedias. |
|
| 650 | 0 |
_aCorrectional institutions _zUnited States _vEncyclopedias. |
|
| 655 | 7 |
_aElectronic books. _2local |
|
| 700 | 1 | _aBosworth, Mary. | |
| 710 | 2 | _aSage eBooks | |
| 776 | 0 | 8 |
_iPrint version : _z9780761927310 |
| 856 | 4 | 0 | _uhttp://ezproxy.alfaisal.edu/login?url=http://sk.sagepub.com/reference/prisons |
| 942 |
_2lcc _cEBOOKS |
||
| 999 |
_c479730 _d479730 |
||